000 00633nam a22002417a 4500
003 UA-OsUOA
001 47859
007 ta
008 20070822b un ||||| |||| 00| 0 ukr d
100 _aШалата М.Є.
090 _a82.09
_bШ18
942 _cBK
040 _aUA-OsUOA
_bukr
_cUA-OsUOA
_dUA-OsUOA
245 _aЮрій Федькович
300 _a238 с.
955 _a1
041 _aukr
080 _a82.09
260 _aК.
_bДніпро
_c1984
246 3 1 _aЖиттєвий і творчий шлях
_n
650 7 _a82 Література. Літературознавство
_2UDC
999 _c333959
_d333959